<?xml version="1.0" encoding="UTF-8"?>
<record
    xmlns:xsi="http://www.w3.org/2001/XMLSchema-instance"
    xsi:schemaLocation="http://www.loc.gov/MARC21/slim http://www.loc.gov/standards/marcxml/schema/MARC21slim.xsd"
    xmlns="http://www.loc.gov/MARC21/slim">

  <leader>00515nam a22001691a 4500</leader>
  <datafield tag="020" ind1=" " ind2=" ">
    <subfield code="c">0.00</subfield>
  </datafield>
  <datafield tag="040" ind1=" " ind2=" ">
    <subfield code="a">NEGST Library - Kenya</subfield>
  </datafield>
  <datafield tag="050" ind1=" " ind2=" ">
    <subfield code="a">PL 8704.A2H65 1951</subfield>
  </datafield>
  <datafield tag="245" ind1=" " ind2=" ">
    <subfield code="a">Chuo cha sala : prayer book published fo</subfield>
    <subfield code="h">[Text]</subfield>
  </datafield>
  <datafield tag="260" ind1=" " ind2=" ">
    <subfield code="b">Catholic Bookshop; Nairo</subfield>
    <subfield code="c">1951</subfield>
  </datafield>
  <datafield tag="300" ind1=" " ind2=" ">
    <subfield code="a">487 p.;</subfield>
  </datafield>
  <datafield tag="500" ind1=" " ind2=" ">
    <subfield code="a">[Africana]</subfield>
  </datafield>
  <datafield tag="600" ind1=" " ind2=" ">
    <subfield code="a">Catholic Church - Prayerbooks and devoti</subfield>
  </datafield>
  <datafield tag="600" ind1=" " ind2=" ">
    <subfield code="a">Swahili Language - Texts</subfield>
  </datafield>
  <datafield tag="852" ind1=" " ind2=" ">
    <subfield code="9">30.00</subfield>
  </datafield>
  <datafield tag="999" ind1=" " ind2=" ">
    <subfield code="c">43063</subfield>
    <subfield code="d">43039</subfield>
  </datafield>
  <datafield tag="952" ind1=" " ind2=" ">
    <subfield code="0">0</subfield>
    <subfield code="1">0</subfield>
    <subfield code="2">lcc</subfield>
    <subfield code="4">0</subfield>
    <subfield code="7">0</subfield>
    <subfield code="8">SPE</subfield>
    <subfield code="a">CPL</subfield>
    <subfield code="b">CPL</subfield>
    <subfield code="c">S</subfield>
    <subfield code="d">2010-02-12</subfield>
    <subfield code="e">Donation- SIL</subfield>
    <subfield code="g">30.00</subfield>
    <subfield code="o">S PL 8704.A2H65 1951</subfield>
    <subfield code="p">R366463232</subfield>
    <subfield code="r">2014-08-13 00:00:00</subfield>
    <subfield code="t">1</subfield>
    <subfield code="w">2010-02-12</subfield>
    <subfield code="y">AFR(S)</subfield>
  </datafield>
</record>
